[Event "SVK-chT4 A21 2122"]
[Site "Slovakia"]
[Date "2022.03.27"]
[Round "11.4"]
[White "Holan, Jaroslav"]
[Black "Nemeckay, Dominik"]
[Result "0-1"]
[WhiteElo "1434"]
[BlackElo "1448"]
[PlyCount "80"]
[EventDate "2021.10.17"]
[EventType "team-tourn"]
[EventRounds "11"]
[EventCountry "SVK"]
[SourceTitle "EXT 2024"]
[Source "ChessBase"]
[SourceDate "2023.10.10"]
[SourceVersion "1"]
[SourceVersionDate "2023.10.10"]
[SourceQuality "1"]
[WhiteTeam "Vrbove II"]
[BlackTeam "Borsky Mikulas"]
[WhiteTeamCountry "SVK"]
[BlackTeamCountry "SVK"]

1. e4 e5 2. f4 exf4 3. Nf3 Nc6 4. d4 d5 5. e5 g5 6. Bb5 Bd7 7. h3 h6 8. b3 Qe7 9. Bd2 Qe6 10. Nc3 Nge7 11. Qe2 Nf5 12. Qd3 Nb4 13. Bxd7+ Qxd7 14. Qb5 c6 15. Qa4 Nxc2+ 16. Kf2 Nxa1 17. Rxa1 a5 18. b4 Bxb4 19. Qc2 Ng3 20. a3 Bxc3 21. Bxc3 Ne4+ 22. Ke2 Nxc3+ 23. Qxc3 0-0 24. Kf2 b5 25. Re1 Rfb8 26. Qd3 b4 27. axb4 axb4 28. e6 Qe7 29. exf7+ Qxf7 30. Ne5 Ra3 31. Qc2 Rc3 32. Qxc3 bxc3 33. Nxf7 Rb2+ 34. Kf3 Kxf7 35. Rc1 Rb3 36. Ke2 Ke6 37. Kd3 Ra3 38. Rxc3 Rxc3+ 39. Kxc3 Kf5 40. Kd3 h5 0-1

[Event "SVK-chT4 A21 2122"]
[Site "Slovakia"]
[Date "2021.10.31"]
[Round "2.4"]
[White "Ralbovsky, Milan"]
[Black "Nemeckay, Dominik"]
[Result "1/2-1/2"]
[WhiteElo "1274"]
[BlackElo "1448"]
[PlyCount "90"]
[EventDate "2021.10.17"]
[EventType "team-tourn"]
[EventRounds "11"]
[EventCountry "SVK"]
[SourceTitle "EXT 2023"]
[Source "ChessBase"]
[SourceDate "2022.10.05"]
[SourceVersion "1"]
[SourceVersionDate "2022.10.05"]
[SourceQuality "1"]
[WhiteTeam "Gbely Nafta II"]
[BlackTeam "Borsky Mikulas"]
[WhiteTeamCountry "SVK"]
[BlackTeamCountry "SVK"]

1. e4 e5 2. Nf3 Nc6 3. Bb5 d6 4. Nc3 Nf6 5. d3 Be6 6. b3 Be7 7. h3 0-0 8. Bxc6 bxc6 9. Be3 c5 10. Qe2 c6 11. 0-0-0 Qc7 12. Ng5 Bc8 13. f4 d5 14. Bd2 h6 15. fxe5 Qxe5 16. Nf3 Qc7 17. e5 Nh5 18. Qf2 f5 19. Ne2 c4 20. Nf4 Nxf4 21. Bxf4 cxb3 22. axb3 Qa5 23. Rde1 Bb4 24. Kd1 Bxe1 25. Rxe1 Qb6 26. Qg3 c5 27. Nh4 Qe6 28. Ng6 Rf7 29. Bxh6 gxh6 30. Nf4+ Rg7 31. Qxg7+ Kxg7 32. Nxe6+ Bxe6 33. Ke2 Kg6 34. Kf3 Kg5 35. Ra1 a5 36. Ra4 d4 37. Ra1 Bd5+ 38. Kg3 f4+ 39. Kf2 Kf5 40. g4+ fxg3+ 41. Kxg3 Kxe5 42. Kg4 Kf6 43. Rf1+ Kg6 44. Kh4 Rg8 45. Ra1 Ra8 1/2-1/2

[Event "SVK-chT5 SE-SI 1920"]
[Site "Slovakia"]
[Date "2020.06.27"]
[Round "9.3"]
[White "Nemeckay, Dominik"]
[Black "Papanek, Lubomir"]
[Result "1-0"]
[WhiteElo "1453"]
[BlackElo "1586"]
[PlyCount "77"]
[EventDate "2019.10.19"]
[EventType "team-tourn"]
[EventRounds "14"]
[EventCountry "SVK"]
[SourceTitle "EXT 2022"]
[Source "ChessBase"]
[SourceDate "2021.10.06"]
[SourceVersion "1"]
[SourceVersionDate "2021.10.06"]
[SourceQuality "1"]
[WhiteTeam "Borsky Mikulas"]
[BlackTeam "Jabuca Petrova Ves Gbely V"]
[WhiteTeamCountry "SVK"]
[BlackTeamCountry "SVK"]

1. e4 c5 2. Nf3 Nc6 3. d4 cxd4 4. Nxd4 e5 5. Nf3 d6 6. Nc3 Nf6 7. Bb5 Bd7 8. Bg5 Be7 9. Bxf6 Bxf6 10. Qxd6 Be7 11. Qd5 Qc7 12. Bxc6 Bxc6 13. Qxe5 Qxe5 14. Nxe5 Bb4 15. Nxc6 bxc6 16. Ke2 Bxc3 17. bxc3 Rb8 18. Rab1 Ke7 19. Rhd1 Rb6 20. Rxb6 axb6 21. c4 Ra8 22. Ra1 Kd6 23. Kd3 Kc5 24. a4 Rd8+ 25. Kc3 Rd4 26. a5 Rxc4+ 27. Kd3 Rd4+ 28. Ke3 b5 29. a6 Rd8 30. a7 Ra8 31. Kd3 Kb6 32. Kd4 c5+ 33. Kd5 Rd8+ 34. Ke5 Ra8 35. Kd6 c4 36. c3 Rd8+ 37. Ke5 Ra8 38. Kd6 Rc8 39. a8Q 1-0

[Event "SVK-chT5 SE-SI 1920"]
[Site "Slovakia"]
[Date "2019.11.02"]
[Round "2.3"]
[White "Lanza, Matej"]
[Black "Nemeckay, Dominik"]
[Result "0-1"]
[WhiteElo "1157"]
[BlackElo "1453"]
[PlyCount "64"]
[EventDate "2019.10.19"]
[EventType "team-tourn"]
[EventRounds "14"]
[EventCountry "SVK"]
[SourceTitle "CBM 193 Extra"]
[Source "ChessBase"]
[SourceDate "2020.01.31"]
[SourceVersion "1"]
[SourceVersionDate "2020.01.31"]
[SourceQuality "1"]
[WhiteTeam "Gbely Nafta IV"]
[BlackTeam "Borsky Mikulas"]
[WhiteTeamCountry "SVK"]
[BlackTeamCountry "SVK"]

1. d4 d5 2. Nf3 Bf5 3. Nc3 Nf6 4. h3 Nc6 5. a3 e6 6. Bf4 Bd6 7. Bxd6 cxd6 8. e3 0-0 9. Bd3 Qd7 10. 0-0 e5 11. dxe5 dxe5 12. Bxf5 Qxf5 13. Nxd5 Nxd5 14. Qxd5 Rfd8 15. Qb3 b6 16. Qa4 Na5 17. Rad1 Rdc8 18. Rd2 Nc4 19. Re2 Nxb2 20. Qb3 Nc4 21. Rd1 h6 22. Rd3 e4 23. Rc3 exf3 24. Rxc4 fxe2 25. Rxc8+ Rxc8 26. Qb4 Rxc2 27. Qe1 Qd3 28. Kh2 Qd2 29. Qxd2 Rxd2 30. h4 e1Q 31. g3 Qf1 32. e4 Rxf2# 0-1

[Event "SVK-chT5 SE-SI 1920"]
[Site "Slovakia"]
[Date "2019.10.19"]
[Round "1.2"]
[White "Nemeckay, Dominik"]
[Black "Durec, Martin"]
[Result "0-1"]
[WhiteElo "1453"]
[BlackElo "1229"]
[PlyCount "38"]
[EventDate "2019.10.19"]
[EventType "team-tourn"]
[EventRounds "14"]
[EventCountry "SVK"]
[SourceTitle "CBM 193 Extra"]
[Source "ChessBase"]
[SourceDate "2020.01.31"]
[SourceVersion "1"]
[SourceVersionDate "2020.01.31"]
[SourceQuality "1"]
[WhiteTeam "Borsky Mikulas"]
[BlackTeam "Myjava Spartak II"]
[WhiteTeamCountry "SVK"]
[BlackTeamCountry "SVK"]

1. e4 e5 2. Nf3 Nc6 3. Bc4 Bc5 4. c3 Nf6 5. d3 h6 6. Nbd2 d5 7. exd5 Nxd5 8. 0-0 0-0 9. Re1 Nf4 10. Ne4 Bd6 11. Bxf4 exf4 12. Nxd6 Qxd6 13. d4 Bg4 14. Qd3 a6 15. Bb3 Rad8 16. Kh1 g6 17. Nh4 Kg7 18. h3 Qf6 19. Nxg6 Bf5 0-1

[Event "SVK-chT5 SE-SI 1819"]
[Site "Slovakia"]
[Date "2019.03.23"]
[Round "10.2"]
[White "Nemeckay, Dominik"]
[Black "Svrcek, Daniel"]
[Result "1/2-1/2"]
[WhiteElo "1470"]
[BlackElo "1381"]
[PlyCount "52"]
[EventDate "2018.10.20"]
[EventType "team-tourn"]
[EventRounds "10"]
[EventCountry "SVK"]
[SourceTitle "EXT 2020"]
[Source "ChessBase"]
[SourceDate "2019.10.17"]
[SourceVersion "1"]
[SourceVersionDate "2019.10.17"]
[SourceQuality "1"]
[WhiteTeam "Borsky Mikulas"]
[BlackTeam "Holic III"]
[WhiteTeamCountry "SVK"]
[BlackTeamCountry "SVK"]

1. e4 e6 2. d4 d5 3. e5 c5 4. c3 Nc6 5. Nf3 Bd7 6. Bd3 Qb6 7. Bc2 cxd4 8. cxd4 Bb4+ 9. Nc3 Bxc3+ 10. bxc3 Nge7 11. Bd3 Na5 12. Rb1 Qc7 13. Qc2 Rc8 14. Bd2 h6 15. 0-0 b6 16. Ba6 Rb8 17. a4 Nc4 18. Qb3 Nxd2 19. Nxd2 Nc6 20. Rb2 0-0 21. Rfb1 Na5 22. Qa3 Bc8 23. Bb5 Bd7 24. Bd3 Rfc8 25. Rc2 Bc6 26. Qb4 Bb7 1/2-1/2

[Event "SVK-chT5 1718"]
[Site "Slovakia"]
[Date "2018.03.24"]
[Round "9.2"]
[White "Svrcek, Daniel"]
[Black "Nemeckay, Dominik"]
[Result "1/2-1/2"]
[WhiteElo "1293"]
[BlackElo "1471"]
[PlyCount "39"]
[EventDate "2017.10.21"]
[EventType "team-tourn"]
[EventRounds "9"]
[EventCountry "SVK"]
[SourceTitle "EXT 2020"]
[Source "ChessBase"]
[SourceDate "2019.10.17"]
[SourceVersion "1"]
[SourceVersionDate "2019.10.17"]
[SourceQuality "1"]
[WhiteTeam "Holic III"]
[BlackTeam "Borsky Mikulas"]
[WhiteTeamCountry "SVK"]
[BlackTeamCountry "SVK"]

1. e4 e5 2. Nf3 Nc6 3. Bb5 a6 4. Ba4 Nf6 5. d3 d6 6. Bg5 b5 7. Bb3 Be6 8. c3 Bxb3 9. Qxb3 Be7 10. 0-0 Na5 11. Qc2 c5 12. Nbd2 0-0 13. Rfe1 Rc8 14. c4 Nc6 15. cxb5 axb5 16. Rac1 Qa5 17. a3 Rc7 18. Nb3 Qa6 19. Bd2 Nd7 20. Bc3 1/2-1/2

[Event "SVK-chT5 1718"]
[Site "Slovakia"]
[Date "2017.11.18"]
[Round "3"]
[White "Mudroch, Martin"]
[Black "Nemeckay, Dominik"]
[Result "0-1"]
[WhiteElo "1344"]
[BlackElo "1471"]
[PlyCount "72"]
[EventDate "2017.10.21"]
[EventType "team-tourn"]
[EventRounds "9"]
[EventCountry "SVK"]
[SourceTitle "EXT 2019"]
[Source "ChessBase"]
[SourceDate "2018.10.10"]
[SourceVersion "1"]
[SourceVersionDate "2018.10.10"]
[SourceQuality "1"]
[WhiteTeam "Senica IV"]
[BlackTeam "Borsky Mikulas"]
[WhiteTeamCountry "SVK"]
[BlackTeamCountry "SVK"]

1. e4 e5 2. Nf3 Nc6 3. d4 exd4 4. Nxd4 Qh4 5. Nc3 Bb4 6. Nxc6 Qxe4+ 7. Qe2 Qxe2+ 8. Bxe2 Bxc3+ 9. bxc3 dxc6 10. 0-0 Nf6 11. Re1 0-0 12. Bf3 Bf5 13. Re2 Rfe8 14. Bf4 Rxe2 15. Bxe2 Nd5 16. Bg3 Nxc3 17. Bd3 Bxd3 18. cxd3 Ne2+ 19. Kf1 Nxg3+ 20. hxg3 Rd8 21. Ke2 Kf8 22. Rb1 b6 23. Kd2 Ke7 24. Kc3 Kd6 25. Re1 a5 26. Re4 c5 27. Rf4 Rd7 28. a4 c6 29. Kc4 g6 30. Rf6+ Kc7 31. Rf4 f5 32. g4 Rd4+ 33. Rxd4 cxd4 34. Kxd4 fxg4 35. Kc4 Kd6 36. d4 h5 0-1

[Event "SVK-chT5 1718"]
[Site "Slovakia"]
[Date "2017.10.21"]
[Round "1"]
[White "Nemeckay, Dominik"]
[Black "Londin, Lukas Vojtech"]
[Result "1-0"]
[WhiteElo "1471"]
[BlackElo "1325"]
[PlyCount "83"]
[EventDate "2017.10.21"]
[EventType "team-tourn"]
[EventRounds "9"]
[EventCountry "SVK"]
[SourceTitle "EXT 2019"]
[Source "ChessBase"]
[SourceDate "2018.10.10"]
[SourceVersion "1"]
[SourceVersionDate "2018.10.10"]
[SourceQuality "1"]
[WhiteTeam "Borsky Mikulas"]
[BlackTeam "Skalica III"]
[WhiteTeamCountry "SVK"]
[BlackTeamCountry "SVK"]

1. e4 b6 2. d4 Bb7 3. Nc3 e6 4. a3 Nf6 5. Bg5 Be7 6. f3 d5 7. e5 Nfd7 8. Be3 c5 9. Nce2 Qc7 10. c3 Nc6 11. Rc1 c4 12. Ng3 0-0-0 13. Be2 f6 14. f4 h6 15. Nf3 g5 16. Nh5 Rdg8 17. g3 Rg6 18. Kd2 Na5 19. Kc2 Nb3 20. Rb1 Rhg8 21. Nd2 Nxd2 22. Qxd2 gxf4 23. gxf4 fxe5 24. fxe5 Bg5 25. Rbf1 Nxe5 26. Bxg5 Rxg5 27. dxe5 d4 28. cxd4 Bxh1 29. Rxh1 Qc6 30. Rf1 Qe4+ 31. Kc1 Rg2 32. Nf6 Qh4 33. Nxg8 Rxg8 34. Bxc4 Re8 35. Ba6+ Kd8 36. Qc3 Kd7 37. Bb5+ Kd8 38. Bxe8 Kxe8 39. Qc8+ Ke7 40. Qc7+ Ke8 41. Qf7+ Kd8 42. Qf6+ 1-0

[Event "SVK-chT5 SE-SI 1415"]
[Site "Slovakia"]
[Date "2015.03.21"]
[Round "11.1"]
[White "Nemeckay, Dominik"]
[Black "Vach, Jozef"]
[Result "1/2-1/2"]
[WhiteElo "1415"]
[BlackElo "1778"]
[PlyCount "41"]
[EventDate "2014.10.18"]
[EventType "team-tourn"]
[EventRounds "11"]
[EventCountry "SVK"]
[SourceTitle "EXT 2022"]
[Source "ChessBase"]
[SourceDate "2021.10.06"]
[SourceVersion "1"]
[SourceVersionDate "2021.10.06"]
[SourceQuality "1"]
[WhiteTeam "Borsky Mikulas"]
[BlackTeam "Holic II"]
[WhiteTeamCountry "SVK"]
[BlackTeamCountry "SVK"]

1. e4 c5 2. Nf3 Nc6 3. d4 cxd4 4. Nxd4 Nf6 5. Nc3 e5 6. Ndb5 d6 7. Be3 a6 8. Na3 b5 9. Nd5 Rb8 10. c3 Ng4 11. Nc2 Nxe3 12. Ncxe3 Bd7 13. Be2 Ne7 14. Bg4 Nxd5 15. Bxd7+ Qxd7 16. Nxd5 Be7 17. 0-0 0-0 18. Qe2 Rfd8 19. Rfd1 Bf8 20. Rd3 Kh8 21. Qh5 1/2-1/2

[Event "SVK-ch U16"]
[Site "Lubovna"]
[Date "2013.04.13"]
[Round "9"]
[White "Kuruc, Michael"]
[Black "Nemeckay, Dominik"]
[Result "1-0"]
[WhiteElo "1524"]
[BlackElo "1453"]
[PlyCount "83"]
[EventDate "2013.04.06"]
[EventType "swiss"]
[EventRounds "9"]
[EventCountry "SVK"]
[SourceTitle "CBM 153 Extra"]
[Source "ChessBase"]
[SourceDate "2013.04.22"]
[SourceVersion "1"]
[SourceVersionDate "2013.04.22"]
[SourceQuality "1"]

1. e4 e5 2. Nf3 Nc6 3. Bc4 Bc5 4. c3 Nf6 5. d3 d6 6. h3 a6 7. b4 Bb6 8. a4 Be6 9. Bxe6 fxe6 10. Qb3 Qe7 11. Ng5 0-0 12. a5 Ba7 13. Qxe6+ Qxe6 14. Nxe6 Rf7 15. Ng5 Rff8 16. Ba3 Nh5 17. Nf3 Nf4 18. 0-0 Nxh3+ 19. gxh3 Rxf3 20. Kg2 Rxd3 21. Ra2 Rf8 22. f3 Ne7 23. Rd2 Rxd2+ 24. Nxd2 Ng6 25. Re1 Nh4+ 26. Kg3 g6 27. Re2 g5 28. Bc1 h6 29. Re1 Kg7 30. Rf1 Ng6 31. Nc4 Nf4 32. Bxf4 Rxf4 33. Re1 Kg6 34. Ne3 Bxe3 35. Rxe3 h5 36. c4 g4 37. hxg4 hxg4 38. fxg4 Kg5 39. Kh3 Rxg4 40. Rg3 Rxg3+ 41. Kxg3 b6 42. b5 1-0

[Event "SVK-ch U16"]
[Site "Lubovna"]
[Date "2013.04.11"]
[Round "7"]
[White "Nemeckay, Dominik"]
[Black "Gasper, Peter"]
[Result "0-1"]
[WhiteElo "1453"]
[BlackElo "1776"]
[PlyCount "96"]
[EventDate "2013.04.06"]
[EventType "swiss"]
[EventRounds "9"]
[EventCountry "SVK"]
[SourceTitle "CBM 153 Extra"]
[Source "ChessBase"]
[SourceDate "2013.04.22"]
[SourceVersion "1"]
[SourceVersionDate "2013.04.22"]
[SourceQuality "1"]

1. e4 c5 2. Nf3 a6 3. d4 cxd4 4. Nxd4 Nf6 5. Nc3 e5 6. Nf5 d5 7. Ng3 Bb4 8. Bg5 d4 9. a3 Bxc3+ 10. bxc3 dxc3 11. Qxd8+ Kxd8 12. Bxf6+ gxf6 13. Rd1+ Ke7 14. Rd3 Nc6 15. Rxc3 Rd8 16. Bc4 Be6 17. Bb3 Rd4 18. 0-0 Rad8 19. Re1 Rd2 20. Nf1 Rd1 21. Rce3 Rxe1 22. Rxe1 Bxb3 23. cxb3 Rd3 24. Re3 Rd1 25. f3 Nd4 26. Kf2 Ra1 27. b4 Ra2+ 28. Kg1 b5 29. Rd3 Ra1 30. Kf2 Ra2+ 31. Kg3 Ne2+ 32. Kf2 Nf4+ 33. Rd2 Rxa3 34. Ne3 Nd3+ 35. Ke2 Nxb4 36. Nf5+ Ke8 37. Nd6+ Kf8 38. Nf5 Ra2 39. Ne3 Rxd2+ 40. Kxd2 Ke7 41. Kc3 a5 42. Nf1 Nc6 43. Ne3 Nd4 44. Nd5+ Ke6 45. Kd3 f5 46. Kd2 fxe4 47. fxe4 f5 48. Nc7+ Kd6 0-1

[Event "SVK-ch U16"]
[Site "Lubovna"]
[Date "2013.04.10"]
[Round "6"]
[White "Sromovsky, Jozef"]
[Black "Nemeckay, Dominik"]
[Result "1/2-1/2"]
[WhiteElo "1125"]
[BlackElo "1453"]
[PlyCount "81"]
[EventDate "2013.04.06"]
[EventType "swiss"]
[EventRounds "9"]
[EventCountry "SVK"]
[SourceTitle "CBM 153 Extra"]
[Source "ChessBase"]
[SourceDate "2013.04.22"]
[SourceVersion "1"]
[SourceVersionDate "2013.04.22"]
[SourceQuality "1"]

1. c4 e5 2. b3 Nf6 3. Bb2 Nc6 4. e3 d6 5. d4 exd4 6. exd4 d5 7. Nf3 Qe7+ 8. Be2 Bg4 9. 0-0 Qe6 10. Nbd2 Be7 11. Re1 0-0 12. Bd3 Qd6 13. c5 Qf4 14. Qc2 Rfe8 15. h3 Bh5 16. Re3 Nb4 17. Qc3 Nxd3 18. Qxd3 Bg6 19. Qc3 c6 20. Rae1 Ne4 21. Nxe4 dxe4 22. Ne5 Bg5 23. Nxg6 hxg6 24. f3 f5 25. fxe4 fxe4 26. Bc1 Qf5 27. R3e2 Bh4 28. Rf1 Qd5 29. Be3 Re6 30. Bf2 Bf6 31. Rd1 Rae8 32. Qc4 Qf5 33. Rde1 Kh7 34. Qb4 R6e7 35. Qc3 Rd7 36. Rd1 Red8 37. Qc4 Rd5 38. b4 Qe6 39. a3 Kh8 40. Rd3 Kh7 41. Rd1 1/2-1/2

[Event "SVK-chT5 SE-SI 1213"]
[Site "Slovakia"]
[Date "2013.01.12"]
[Round "9.1"]
[White "Benak, Peter"]
[Black "Nemeckay, Dominik"]
[Result "1-0"]
[WhiteElo "1594"]
[BlackElo "1424"]
[PlyCount "81"]
[EventDate "2012.10.06"]
[EventType "team-tourn"]
[EventRounds "14"]
[EventCountry "SVK"]
[SourceTitle "EXT 2022"]
[Source "ChessBase"]
[SourceDate "2021.10.06"]
[SourceVersion "1"]
[SourceVersionDate "2021.10.06"]
[SourceQuality "1"]
[WhiteTeam "Holic II"]
[BlackTeam "Stefanov II"]
[WhiteTeamCountry "SVK"]
[BlackTeamCountry "SVK"]

1. e4 e5 2. Nf3 Nc6 3. Bc4 Bc5 4. 0-0 d6 5. Nc3 Bg4 6. h3 Bh5 7. Nd5 Nd4 8. Be2 Nxe2+ 9. Qxe2 Nf6 10. d3 Nxd5 11. exd5 Qf6 12. g4 Bg6 13. Bg5 Bxd3 14. Qxd3 Qg6 15. Qxg6 hxg6 16. Kg2 f6 17. Be3 Bxe3 18. fxe3 Kf7 19. e4 Ke7 20. Kg3 Raf8 21. Nh4 Kf7 22. c4 g5 23. Nf5 b6 24. Rh1 Rh7 25. Rh2 Rfh8 26. Rah1 g6 27. Ne3 a6 28. h4 gxh4+ 29. Rxh4 Rxh4 30. Rxh4 Rxh4 31. Kxh4 a5 32. a4 Kg7 33. g5 fxg5+ 34. Kxg5 Kf7 35. Ng2 Kg7 36. Nh4 Kf7 37. Nxg6 Ke8 38. Kf6 Kd8 39. Nf8 Ke8 40. Ne6 Kd7 41. Kf7 1-0

[Event "SVK-chT5 SE-SI 1213"]
[Site "Slovakia"]
[Date "2012.11.17"]
[Round "5.2"]
[White "Nemeckay, Dominik"]
[Black "Rehak, Miroslav"]
[Result "0-1"]
[WhiteElo "1424"]
[BlackElo "1446"]
[PlyCount "102"]
[EventDate "2012.10.06"]
[EventType "team-tourn"]
[EventRounds "14"]
[EventCountry "SVK"]
[SourceTitle "EXT 2022"]
[Source "ChessBase"]
[SourceDate "2021.10.06"]
[SourceVersion "1"]
[SourceVersionDate "2021.10.06"]
[SourceQuality "1"]
[WhiteTeam "Stefanov II"]
[BlackTeam "Senica Slovakia"]
[WhiteTeamCountry "SVK"]
[BlackTeamCountry "SVK"]

1. e4 d6 2. d4 e6 3. Nf3 Nd7 4. Nc3 c6 5. Bf4 Be7 6. Bd3 Ngf6 7. Qd2 Nh5 8. Bg5 e5 9. Bxe7 Qxe7 10. d5 c5 11. Qg5 Qxg5 12. Nxg5 a6 13. 0-0 h6 14. Nf3 Nf4 15. Rfd1 Nxd3 16. Rxd3 b5 17. b3 Nf6 18. Re1 Bd7 19. Nb1 Nh5 20. g3 b4 21. Nh4 g6 22. Nd2 Bb5 23. c4 Bd7 24. Ng2 g5 25. Ne3 Nf6 26. Kg2 a5 27. Nb1 a4 28. Rd2 axb3 29. axb3 Nxe4 30. Rb2 f5 31. f3 Nf6 32. Nf1 Kf7 33. Nbd2 Ra7 34. Kf2 Rha8 35. Reb1 Ra2 36. h3 Rxb2 37. Rxb2 Ra1 38. Nb1 h5 39. Ne3 f4 40. Nc2 fxg3+ 41. Kg2 Ra8 42. Kxg3 Bf5 43. Ne3 Bg6 44. h4 Bxb1 45. hxg5 Nh7 46. Rxb1 Kg6 47. f4 exf4+ 48. Kxf4 Nxg5 49. Rg1 Rf8+ 50. Kg3 Rf3+ 51. Kh4 Rh3# 0-1

[Event "Senica op 4th"]
[Site "Senica"]
[Date "2012.08.05"]
[Round "4"]
[White "Cerna, Lucia"]
[Black "Nemeckay, Dominik"]
[Result "0-1"]
[WhiteElo "1061"]
[BlackElo "1437"]
[PlyCount "74"]
[EventDate "2012.08.03"]
[EventType "swiss"]
[EventRounds "9"]
[EventCountry "SVK"]
[SourceTitle "EXT 2014"]
[Source "ChessBase"]
[SourceDate "2013.11.20"]
[SourceVersion "1"]
[SourceVersionDate "2013.11.20"]
[SourceQuality "1"]

1. e4 e5 2. Nf3 Nc6 3. Bc4 Bc5 4. c3 Nf6 5. d3 d6 6. Bg5 Be6 7. Nbd2 0-0 8. 0-0 a6 9. Qb3 Na5 10. Qc2 Nxc4 11. Nxc4 b5 12. Na5 Bd7 13. Nb7 Qe7 14. Nxc5 dxc5 15. d4 cxd4 16. cxd4 exd4 17. Nxd4 Qd6 18. Rad1 Qb6 19. Rfe1 c5 20. Bxf6 cxd4 21. Bxd4 Qc6 22. Qxc6 Bxc6 23. f3 Rad8 24. f4 Rd7 25. e5 Rfd8 26. Rc1 Bxg2 27. Kxg2 Rxd4 28. Rf1 Rd2+ 29. Kg3 Rxb2 30. f5 Rxa2 31. e6 fxe6 32. fxe6 Re2 33. Rfe1 Rxe1 34. Rxe1 Re8 35. Kf4 g6 36. Ke5 Kf8 37. Kd6 Rd8+ 0-1

[Event "Senica op 4th"]
[Site "Senica"]
[Date "2012.08.04"]
[Round "3"]
[White "Nemeckay, Dominik"]
[Black "Podjavorinsky, Michal"]
[Result "1/2-1/2"]
[WhiteElo "1437"]
[BlackElo "1433"]
[PlyCount "90"]
[EventDate "2012.08.03"]
[EventType "swiss"]
[EventRounds "9"]
[EventCountry "SVK"]
[SourceTitle "EXT 2014"]
[Source "ChessBase"]
[SourceDate "2013.11.20"]
[SourceVersion "1"]
[SourceVersionDate "2013.11.20"]
[SourceQuality "1"]

1. e4 d5 2. exd5 Qxd5 3. Nc3 Qa5 4. d4 c6 5. Bf4 Nf6 6. Nf3 Bg4 7. Bd3 Bxf3 8. Qxf3 Qb6 9. 0-0 Qxd4 10. Rfe1 e6 11. Be5 Qg4 12. Qe3 Nd5 13. Nxd5 cxd5 14. Bxb8 Rxb8 15. Qxa7 Bd6 16. Bb5+ Kf8 17. Qb6 Qf4 18. g3 Bc7 19. Qc5+ Qd6 20. Qxd6+ Bxd6 21. c3 h5 22. b4 h4 23. a4 Ke7 24. Bd3 hxg3 25. hxg3 Rbc8 26. Rec1 Rc7 27. Ra2 Bxb4 28. Rac2 Ba5 29. c4 dxc4 30. Rxc4 Rhc8 31. Rxc7+ Rxc7 32. Rxc7+ Bxc7 33. Bb5 Kd6 34. g4 Ke5 35. Kg2 Kf4 36. f3 e5 37. Bd3 g6 38. Kf2 f5 39. gxf5 gxf5 40. Ke2 e4 41. fxe4 fxe4 42. Bb5 Bd6 43. Kf2 e3+ 44. Ke2 Bc5 45. Bd7 b6 1/2-1/2

[Event "Senica op 4th"]
[Site "Senica"]
[Date "2012.08.04"]
[Round "2"]
[White "Sedlacek, Richard"]
[Black "Nemeckay, Dominik"]
[Result "1-0"]
[WhiteElo "1175"]
[BlackElo "1437"]
[PlyCount "73"]
[EventDate "2012.08.03"]
[EventType "swiss"]
[EventRounds "9"]
[EventCountry "SVK"]
[SourceTitle "EXT 2014"]
[Source "ChessBase"]
[SourceDate "2013.11.20"]
[SourceVersion "1"]
[SourceVersionDate "2013.11.20"]
[SourceQuality "1"]

1. e4 e5 2. Bc4 Bc5 3. d3 d6 4. c3 Nf6 5. h3 Be6 6. Bxe6 fxe6 7. Qb3 Qc8 8. Ne2 Nc6 9. f4 Bb6 10. Rf1 0-0 11. f5 Re8 12. Bg5 Kf7 13. Nd2 h6 14. Bh4 Na5 15. Qc2 d5 16. 0-0-0 dxe4 17. Nxe4 exf5 18. Nd2 g5 19. Bf2 Bxf2 20. Rxf2 Qe6 21. b4 Nc6 22. Nb3 b5 23. Nc5 Qc8 24. d4 exd4 25. Nxd4 Nxd4 26. cxd4 f4 27. d5 Rd8 28. Rfd2 a5 29. Qb3 Kg6 30. g4 fxg3 31. Qd3+ Qf5 32. Qxb5 axb4 33. Rf1 Qxh3 34. Qd3+ Kf7 35. Qh7+ Ke8 36. Re2+ Kf8 37. Rxf6# 1-0

[Event "Senica op 4th"]
[Site "Senica"]
[Date "2012.08.03"]
[Round "1"]
[White "Nemeckay, Dominik"]
[Black "Bury, Rastislav"]
[Result "0-1"]
[WhiteElo "1437"]
[BlackElo "2091"]
[PlyCount "54"]
[EventDate "2012.08.03"]
[EventType "swiss"]
[EventRounds "9"]
[EventCountry "SVK"]
[SourceTitle "EXT 2014"]
[Source "ChessBase"]
[SourceDate "2013.11.20"]
[SourceVersion "1"]
[SourceVersionDate "2013.11.20"]
[SourceQuality "1"]

1. e4 c5 2. Nf3 d6 3. d4 cxd4 4. Nxd4 Nf6 5. Nc3 a6 6. Be2 e6 7. Bg5 Be7 8. 0-0 0-0 9. Re1 Qc7 10. Qd3 b5 11. Bf3 Bb7 12. Re2 Nbd7 13. Rae1 Ne5 14. Qe3 Nc4 15. Qc1 h6 16. Nd5 Nxd5 17. Bxe7 Nxe7 18. g3 Ne5 19. Bh5 Qc5 20. Rd2 N7c6 21. Nf3 Nxf3+ 22. Bxf3 Ne5 23. Bd1 Rac8 24. Kh1 Rfd8 25. f3 d5 26. exd5 Rxd5 27. Rxd5 Qxd5 0-1

[Event "SVK-ch U10"]
[Site "Liptovsky Mikulas"]
[Date "2007.04.25"]
[Round "6"]
[White "Nemeckay, Dominik"]
[Black "Spacek, Oliver"]
[Result "0-1"]
[WhiteElo "1350"]
[BlackElo "1350"]
[PlyCount "66"]
[EventDate "2007.04.22"]
[EventType "swiss"]
[EventRounds "9"]
[EventCountry "SVK"]
[SourceTitle "EXT 2008"]
[Source "ChessBase"]
[SourceDate "2007.11.25"]
[SourceVersion "1"]
[SourceVersionDate "2007.11.25"]
[SourceQuality "1"]

1. e4 e5 2. Nf3 Nc6 3. Bc4 Nf6 4. Nc3 h6 5. d4 d6 6. h3 Be7 7. Qd3 Nb4 8. Rb1 Nxd3+ 9. Bxd3 0-0 10. 0-0 exd4 11. Nxd4 c5 12. Nf5 Re8 13. Bf4 Be6 14. Ra1 c4 15. Be2 b5 16. b3 b4 17. Nb5 Bxf5 18. exf5 cxb3 19. axb3 a6 20. Nc3 bxc3 21. b4 d5 22. Bxa6 Bxb4 23. Rfd1 Qb6 24. Rab1 Rxa6 25. Rxd5 Nxd5 26. Bc1 Bd6 27. g3 Qxb1 28. Kg2 Qxc1 29. Kf3 Qxc2 30. h4 Qxf5+ 31. Kg2 Re2 32. Kh1 Qxf2 33. h5 Qg2# 0-1

[Event "SVK-ch U10"]
[Site "Liptovsky Mikulas"]
[Date "2007.04.23"]
[Round "2"]
[White "Csenger, Geza"]
[Black "Nemeckay, Dominik"]
[Result "1-0"]
[WhiteElo "1350"]
[BlackElo "1350"]
[PlyCount "67"]
[EventDate "2007.04.22"]
[EventType "swiss"]
[EventRounds "9"]
[EventCountry "SVK"]
[SourceTitle "EXT 2008"]
[Source "ChessBase"]
[SourceDate "2007.11.25"]
[SourceVersion "1"]
[SourceVersionDate "2007.11.25"]
[SourceQuality "1"]

1. e4 e5 2. Nf3 Nc6 3. Bc4 Bc5 4. Ng5 Nf6 5. Bxf7+ Ke7 6. Bc4 d5 7. exd5 Nxd5 8. Nc3 Nxc3 9. bxc3 Ke8 10. Qf3 Qe7 11. d4 exd4+ 12. Kf1 Rf8 13. Qh5+ Kd8 14. Nf3 Rf5 15. Qxh7 Be6 16. Bd3 Qf7 17. Bxf5 Bxf5 18. Qh4+ Be7 19. Qf4 Bc5 20. cxd4 Bxd4 21. Nxd4 Nb4 22. Qg5+ Kd7 23. Nxf5 Nxc2 24. Rb1 Qc4+ 25. Kg1 Qe2 26. Qxg7+ Kd8 27. Bg5+ Kc8 28. Qf8+ Kd7 29. Qf7+ Kc8 30. Qf6 Qd2 31. Bxd2 b6 32. Qc6 Kb8 33. Bf4 Nd4 34. Qxc7# 1-0